Глобальный фон радиоактивного загрязнения в наземных экосистемах спустя 13 лет после чернобыльской аварии; Экология; № 2

Bibliographic Details
Parent link:Экология/ Российская академия наук (РАН), Уральское отделение (УрО).— , 1996-.— 0367-0597
№ 2.— 2003.— С. 83-89
Main Author: Покаржевский А. Д.
Other Authors: Успенская Е. Ю., Филимонова Ж. В.
Language:Russian
Published: 2003
Subjects:
Format: Book Chapter
KOHA link:https://koha.lib.tpu.ru/cgi-bin/koha/opac-detail.pl?biblionumber=458355

MARC

LEADER 00000naa2a2200000 4500
001 458355
005 20231101085005.0
035 |a (RuTPU)RU\TPU\prd\122034 
035 |a RU\TPU\prd\13098 
090 |a 458355 
100 |a 20111011a2003 k y0rusy50 ca 
101 0 |a rus 
102 |a RU 
200 1 |a Глобальный фон радиоактивного загрязнения в наземных экосистемах спустя 13 лет после чернобыльской аварии  |f А. Д. Покаржевский, Е. Ю. Успенская, Ж. В. Филимонова 
320 |a Библиогр.: 15 назв. 
461 1 |0 (RuTPU)RU\TPU\prd\469  |x 0367-0597  |t Экология  |f Российская академия наук (РАН), Уральское отделение (УрО)  |d 1996- 
463 1 |0 (RuTPU)RU\TPU\prd\122033  |t № 2  |v С. 83-89  |d 2003 
610 1 |a глобальные падения 
610 1 |a Чернобыльская авария 
610 1 |a 137Cs 
610 1 |a миграция 
610 1 |a круговорот 
610 1 |a наземные экосистемы 
675 |a 504.054:621.039.7  |v 3 
700 1 |a Покаржевский  |b А. Д. 
701 1 |a Успенская  |b Е. Ю. 
701 1 |a Филимонова  |b Ж. В. 
801 1 |a RU  |b 63413507  |c 20030428  |g PSBO 
801 2 |a RU  |b 63413507  |c 20111011  |g RCR 
942 |c BK